00233nam a2200097Ia 4500008004100000041001200041082002100053100002500074245002300099650001300122231221s9999 xx 000 0 und d aEnglish a001.6424JAV VAN aVanhelsuwe, Laurence 0aMastering Java 1.1 aJava 1.1